Postacie Gothic 1 - Statystyki

Ogólne statystyki
  • Ten quiz został rozwiązany 23 razy
  • Średni wynik to 24 z 52
Statystyki odpowiedzi
Hint Odpowiedź % Poprawnych
Jeden z magnatów, znany z charakterystycznej blizny na twarzy Blizna
89%
Najwyższy mag ognia Corristo
78%
Szef Cieni Diego
78%
Najważniejszy człowiek w kolonii karnej Gomez
78%
Ulubieniec wszystkich fanów całej serii Gothic Wrzód
78%
Były arcymag kręgu ognia, teraz nekromanta Xardas
72%
Został ściągnięty do pilnowania okolic areny pod nieobecność Neka Fletcher
67%
Kowal w Zamku, tworzy broń tylko dla strażników Stone
67%
"Witamy w Kolonii" Bullit
61%
Najważniejszy wśród strażników świątynnych Cor Angar
61%
Zarządca Starej kopalni Ian
61%
Myśliwy ze Starego Obozu Cavalorn
56%
Mag wody pełniący funkcję strażnika kopca rudy Cronos
56%
Jedyny kartograf po magiczną kopułą Graham
56%
Szkolił strażników walki mieczem w Zamku Skorpion
56%
Strażnik ze Starego Obozu, patrolował tereny targowiska Szakal
56%
Mag ognia, z którym możemy handlować Torrez
56%
Jeden z bardziej wpływowych Cieni, ma chatę nad zbiornikiem wodnym w zewnętrznym pierścieniu Zły
56%
Członek sekty, który ma problem ze sprzedażą swojego towaru w Nowym Obozie Baal Isidro
50%
Kopacz, który na polecenie strażnika próbuje zachęcić Bezimiennego,razem z kolegami, aby opłacił ochronę w obozie Grim
50%
Kopacz, który wskaże nam wolną chatę do zamieszkania Guy
50%
Zbudował tamę w Nowym Obozie Homer
50%
Myśliwy polujący w okolicach Nowego Obozu Aidan
44%
Strażnik gniazda pełzaczy Asghan
44%
Jeden z pierwszych ludzi jakich spotykamy w kolonii - może nas nauczyć pozyskiwania trofeów zwierzęcych Drax
44%
Kopacz ze Starego Obozu, który marzy o ucieczce do obozu na bagnie Dusty
44%
Produkuje słynną na całą kolonię górniczą ryżówkę Jeremiasz
44%
Przedstawiciel Nowego Obozu na arenie w Starym Obozie Kharim
44%
Prawa ręka Lee Orik
44%
Jedna z kobiet Gomeza, posiadająca swoją nieoficjalną kontynuację Velaya
44%
Słyszy drzewa a drzewa słyszą jego Baal Netbek
39%
Zaopatruje nowicjuszy bractwa w codzienne porcje ziela Fortuno
39%
Nauczy nas pozyskiwać wydzielinę z pełzaczy Gor Na Drak
39%
Prawdopodobnie najstarszy kopacz w kolonii Grimes
39%
Najemnik niczym narzędzie do orki Kosa
39%
Szef "Kotła" w Wolnej Kopalni Okyl
39%
Właściciel karczmy w Nowym Obozie Silas
39%
Pozwolił sobie zabrać Almanach goblinom Talas
39%
Mag ognia o hiszpańskobrzmiącym imieniu Rodrigez
33%
Handlarz ze Starej Kopalnii Santino
33%
Nowicjusz ukrywający się w starej chacie na środku bagien Shrat
33%
Guru nadzorujący produkcję bagiennego ziela Baal Orun
28%
Członek sekty, który zaprowadzi nas do swojego obozu ze Starego Obozu Baal Parvez
28%
Odpowiada za zaopatrzenie Starego Obozu Bartholo
28%
Fanatyczny strażnik światynny blokujący przejście w Światyni Śniącego Gor Boba
28%
Drugi najważniejszy strażnik świątynny w obozie Gor na Toth
28%
Mimo, że jest zwykłym kopaczem, to jego znajomości sięgają nawet wśród elitarnych strażników Gravo
28%
Poczciwy kopacz, który radzi nam zapłacenie za ochronę Jesse
28%
Strzeże samotnie przejścia na tereny orków Pacho
28%
Strażnik ze Starej kopalni, pilnuje wejścia do niej Drake
22%
Strażnik i prawa ręka Laresa w Nowym Obozie Roscoe
22%
Szef bandy produkującej nielegalne bagienne ziele Jacko
17%
Nie znaleziono quizów pasujących do podanych kryteriów
Rozkład punktacji
Procent ludzi z każdym wynikiem
Percentyl według liczby udzielonych odpowiedzi
Twoja historia wyników
Nie rozwiązałeś tego quizu